000 00565nam a2200193Ia 4500
999 _c5987
_d5987
003 OSt
005 20200120153206.0
008 190216s9999||||xx |||||||||||||| ||und||
020 _a9780071006903
040 _coclc
082 _a658.45
_bBOV/B
100 _a Bovee, Courtland L
_91327
245 0 _aBusiness Communication Today /
_cCourtland L Bovee ; John V Thill
250 _a2nd ed.
260 _bMcGraw Hill Publishers,
_c1989.
_aNew Delhi:
300 _a680p
650 _aBusiness
942 _cBK
_2ddc
_h658.45
_iBOV/B
_k658.45
_mBOV/B